000 00319nam a2200133Ia 4500
003 OSt
005 20231218064342.0
008 170524s9999 xx 000 0 und d
020 _a9788126102174
040 _cIIMT UNIVERSITY, MEERUT
100 _aJOSHI UMA
245 0 _aT B OF MASS COMMUNACTION MEDIA
942 _2ddc
_c02
999 _c9097
_d9097